| 000 | 01591nam0a22003011 4500 | ||
|---|---|---|---|
| 001 | v19\rc\1462019 | ||
| 005 | 20260406091948.0 | ||
| 035 | _a(NLR Aleph) 005226702 | ||
| 090 |
_a5562058 _c5562058 |
||
| 100 | _a20060620g19011902|||y0rusy50 ca | ||
| 101 | 0 | _arus | |
| 102 | _aRU | ||
| 105 | _ac z ||||| | ||
| 200 | 1 |
_aДневник А.В. Храповицкого. 1782-1793 _eС 18 января 1782 года по 17[!7] сентября 1793 года _fПо подлин. его рукописи, с биогр. ст. и объясн. указ. Николая Барсукова, чл. Археогр. комис. |
|
| 210 |
_aМосква _cРусский архив _d1901 (обл. 1902) |
||
| 215 |
_aXXII, 404 с., 1 л. фронт. (портр.) _cпортр. _d26 |
||
| 532 | 1 | 0 | _aДневник Александра Васильевича Храповицкого. 1782-1793 |
| 700 | 1 |
_8rus _7ca _aХраповицкий _bА. В. _f1749-1801 _gАлександр Васильевич _3RU\NLR\AUTH\7773408 _956336 |
|
| 702 | 1 |
_4570 _8rus _7ca _aБарсуков _bН. П. _cисторик, библиограф _f1838-1906 _gНиколай Платонович _3RU\NLR\AUTH\7762067 _944997 |
|
| 702 | 1 |
_4570 _8rus _7ca _aХраповицкий _bА. В. _f1749-1801 _gАлександр Васильевич _3RU\NLR\AUTH\7773408 _956336 |
|
| 801 | 0 |
_aRU _bNLR _c20060620 _gpsbo |
|
| 801 | 0 |
_aRU _bRuMoRGB _c20060620 _2psbo |
|
| 801 | 1 |
_aRU _bProSoft-M _c20060620 _2rusmarc |
|
| 801 | 2 |
_aRU _bNLR _c20121221 _2rusmarc |
|
| 852 |
_aNLR _j34.3.6.51 |
||
| 852 |
_aNLR _bМф _jК1/6359 |
||
| 942 | _cBOOK | ||
| 980 | _aNB | ||